000 00573nam a2200181Ia 4500
008 100920s9999 xx 000 0 und d
082 _b100488
_a891.43 न 05
100 _aशाह रमेशचंद्र.
245 _aछंन्द और पक्षी.
260 _bसुर्य, बिकानेर.
_c2005
300 _a80
_bसाधी
365 _b100
520 _aहिंदी.
630 _aछंन्द और पक्षी.
650 _aहिंदी.
730 _aछंन्द और पक्षी.
942 _cBOOK
999 _c740926
_d740923